000 01581nam a2200373 i 4500
001 768714001
003 CO-MdFUSB
005 20210911115830.0
008 141105s2014 sp | |||| 000 0 spa
017 _aNA 1181-2014
_bOficina Depósito Legal Navarra
020 _a9788490730492
040 _aSpMaBN
_bspa
_cCO-MdFUSB
_erdc
_dCO-MdFUSBC
041 0 _aspa
_agrc
080 _a(038)=134.2=14'02
082 _223
_a487.403
_bD352
100 1 _aDelgado Jara, Inmaculada
_d1967-
_4autor
245 1 0 _aDiccionario griego-español del Nuevo Testamento
_c/ Inmaculada Delgado Jara
264 1 _aEstella, Navarra :
_bVerbo Divino,
_c[2014]
264 4 _c© 2014
300 _a242 páginas.
_c24 cm
336 _2rdacontent
_atexto
_btxt
337 _2rdamedia
_asin mediación
_bn
338 _2rdacarrier
_avolumen
_bnc
490 0 _aInstrumentos para el estudio de la Biblia
520 _aEste diccionario recoge todos los vocablos que aparecen en el Nuevo Testamento según el texto griego de las dos mejores ediciones críticas hasta el momento, así como las variantes textuales de los aparatos críticos. Se trata de una obra rigurosa que incluye de manera precisa la totalidad de significados que cada palabra pueda tener en el Nuevo Testamento al tiempo que pretende ser un instrumento eficaz de consulta y trabajo para el estudiante de los textos neotestamentarios.
563 _aRústico
653 _aDiccionario
653 _aGriego-español
942 _cREF
945 _aEstudiante
956 _a2
999 _c64744
_d64744